Up All Night - One Direction (All Lyrics) - Statistics

General Stats
  • This quiz has been taken 75 times
  • The average score is 360 of 442
Answer Stats
Lyrics % Correct
I
96%
we
96%
a
94%
(up,
94%
up,
94%
up
94%
(up
94%
all
92%
it
92%
night)
92%
night
92%
night,
92%
and
88%
go
88%
on
88%
stay
88%
the
88%
see
86%
she's
86%
(she's
86%
sun
86%
wanna
86%
girl
84%
one
82%
one)
82%
to
82%
until
82%
you
82%
you)
82%
do
80%
(do
80%
katy
80%
Katy
80%
like
80%
with
80%
fast
78%
got
78%
her
78%
of
78%
yeah,
78%
around
76%
don't
76%
dont
76%
find
76%
forward
76%
in
76%
jump
76%
tell
76%
by
75%
control
75%
feels
75%
let
75%
now
75%
out
75%
this,
75%
this
75%
DJ
73%
feeling
73%
living
73%
replay,
73%
replay
73%
way,
73%
way
73%
awake
71%
'cause
71%
floor
71%
i'm
71%
me
71%
perry's
71%
Perry's
71%
get
69%
going
67%
shake,
67%
shake
67%
still
67%
we've
67%
wide
67%
been
65%
passing
65%
have
63%
people
63%
seeing
63%
kiss
61%
moment
61%
hold
59%
it's
59%
never
59%
only
59%
or
59%
about
57%
(we're
57%
tonight
55%
another
53%
back
53%
but
53%
care
53%
even
53%
home
53%
table
53%
breaking
49%
hey
47%
thinking
47%
hope
45%
party's
45%
she'll
45%
'bout
43%
laugh
43%
nobody's
43%
ending
39%
gonna
39%
that
22%
No matching quizzes found
Score Distribution
Percent of People with Each Score
Percentile by Number Answered
Your Score History
You have not taken this quiz